| 000 | 00733nmc a2200289 a 4500 | ||
|---|---|---|---|
| 003 | AR-BaBNM | ||
| 005 | 20251128204055.0 | ||
| 008 | 237019s1991 ||||||||||||||000 | spa|| | ||
| 020 | _a950-03-0308-6 | ||
| 040 | _cAR-BaBNM | ||
| 100 | 1 | _aKafka, Franz | |
| 245 | 1 | 0 | _aEl proceso |
| 250 | _a17ª ed. | ||
| 260 |
_aBuenos Aires _bLosada _c1991 |
||
| 300 | 0 | _a253 p. | |
| 490 | 0 |
_aBiblioteca clásica y contemporánea _vv. 429 |
|
| 650 | 4 | _aNOVELAS | |
| 650 | 4 | _aESCRITORES | |
| 650 | 4 | _aLITERATURA CONTEMPORANEA | |
| 653 | 0 | _aLITERATURA CHECA | |
| 653 | 0 | _aLITERATURA FANTASTICA | |
| 653 | 0 | _aLITERATURA ALEGORICA | |
| 655 | _aLITERATURA | ||
| 700 | 1 |
_aMendivil, Vicente _etraductor |
|
| 942 | _cBK | ||
| 998 | _cMARTIN | ||
| 999 |
_c6060 _d6060 |
||